| 000 | 01052nam0a22002411 4500 | ||
|---|---|---|---|
| 001 | rc\2750341 | ||
| 005 | 20110915170626.3 | ||
| 035 | _a(NLR Aleph) 006877255 | ||
| 090 |
_a7009869 _c7009869 |
||
| 100 | _a20110915d1939 |||y0rusy50 ca | ||
| 101 | 0 | _arus | |
| 102 | _aRU | ||
| 105 | _ay z ||||| | ||
| 200 | 1 |
_aОбъяснительная записка к геологической карте листа 11-15' геологической карты Минусинского района _fЯ. С. Эдельштейн _gЦентр. н.-и. ин-т геол. развед. ин-т (ЦНИГРИ) |
|
| 210 |
_aЛенинград _aМосква _cГОНТИ, Ред. горно-топлив. и геол.-развед. лит-ры _d1939 _eЛенинград |
||
| 215 |
_a12 с. _d20 см. |
||
| 300 | _aТит. л. на рус. и англ. яз. | ||
| 700 | 1 |
_aЭдельштейн _bЯ. С. _f1869-1952 _gЯков Самойлович |
|
| 801 | 0 |
_aRU _bNLR _gpsbo |
|
| 801 | 1 |
_aRU _bELAR _2rusmarc |
|
| 852 |
_aNLR _j39-10/3153 |
||
| 942 | _cBOOK | ||
| 980 | _aNB | ||